000 00789nam a22001935i 4500
001 158691
003 ES-MaACL
005 20250725062542.0
008 001010s1900 sp afz |||| | spa d
040 _aEXT
_bspa
_cEXT
100 1 _aMarcolain San Juan, Pedro.
_9129466
245 1 0 _aCurso elemental de física moderna
_b: ... redactado con arreglo a los últimos puntos de vista científicos /
_cpor R. Pedro Marculain San Juan.
260 _aZaragoza :
_b[s.n.],
_c1900 (
_fTipografía de Emilio Casañal)
300 _aVII, 804 p., [1] h. de lám. col. :
_bil. ;
_c25 cm.
650 0 7 _aFísica
_2embne
_912877
752 _aEspaña -
_dZaragoza
852 _aES-MaACL
_jG-1235
_z-- Enc. hol.
_z-- Dedicatoria ms. del autor a Manuel García Noguerol, 1901
999 _c158691
_d158691